The alter fire (Record no. 6362)

MARC details
000 -LEADER
fixed length control field 00470nam a22001697a 4500
003 - CONTROL NUMBER IDENTIFIER
control field GBCCL
005 - DATE AND TIME OF LATEST TRANSACTION
control field 20241126110601.0
008 - FIXED-LENGTH DATA ELEMENTS--GENERAL INFORMATION
fixed length control field 180510b ||||| |||| 00| 0 eng d
040 ## - CATALOGING SOURCE
Transcribing agency gbc
082 ## - DEWEY DECIMAL CLASSIFICATION NUMBER
Classification number 234.163
Item number WYO
100 ## - MAIN ENTRY--PERSONAL NAME
Personal name Wyon, Olive
Dates associated with a name 1881 - 1966
9 (RLIN) 11394
245 ## - TITLE STATEMENT
Title The alter fire
Remainder of title Reflections on the sacrament of the Eucharist /
Statement of responsibility, etc. Olive Wyon
260 ## - PUBLICATION, DISTRIBUTION, ETC.
Place of publication, distribution, etc. London:
Name of publisher, distributor, etc. SCM,
Date of publication, distribution, etc. 1954
300 ## - PHYSICAL DESCRIPTION
Extent 126 p.;
Dimensions 18 cm.
650 ## - SUBJECT ADDED ENTRY--TOPICAL TERM
Topical term or geographic name entry element Lord's supper
9 (RLIN) 2158
942 ## - ADDED ENTRY ELEMENTS (KOHA)
Source of classification or shelving scheme Dewey Decimal Classification
Koha item type Books
Holdings
Withdrawn status Lost status Source of classification or shelving scheme Damaged status Not for loan Home library Current Library Shelving location Date acquired Total checkouts Full call number Barcode Date last seen Copy number Price effective from Koha item type
    Dewey Decimal Classification     GRACE BIBLE COLLEGE GRACE BIBLE COLLEGE Theology 2018-05-10   234.163 WYO 004646 2025-05-01 c.1 2018-05-10 Books
© Grace Bible College Library 2025